000 00162 a2200085 4500
020 _a9780938317203
100 _aJoe Hayes
245 _aMujeres astutas
942 _cBK
999 _c13472
_d13472